|
|
|
|
| LEADER |
01392nam a22002417a 4500 |
| 001 |
45166 |
| 003 |
BD-DhAAL |
| 005 |
20260112154840.0 |
| 008 |
260112t2010 nyua|||| b||| 00| 0 eng d |
| 040 |
|
|
|a BD-DhAAL
|c BD-DhAAL
|
| 082 |
|
|
|a 364.15
|2 22
|
| 110 |
|
|
|a United Nations Office on Drugs and Crime (UNODC)
|9 60156
|
| 245 |
|
|
|a Combating traffcking in persons in accordance with the principles of Islamic law /
|
| 260 |
|
|
|a New York :
|b United Nations Office on Drugs and Crime,
|c 2010.
|
| 300 |
|
|
|a 62 pages :
|b illustrations ;
|c 30 cm
|
| 504 |
|
|
|a Includes bibliographical reference
|
| 541 |
|
|
|a Donated by K. Shamsuddin Mahmood (Professor and Dean School of Law) BRAC University
|e 45166
|
| 650 |
|
|
|a Human trafficking
|x Prevention
|x International cooperation.
|9 50919
|
| 650 |
|
|
|a Human trafficking
|x Law and legislation
|z Arab countries.
|9 60160
|
| 856 |
|
|
|z Full text available on UNODC
|u https://www.unodc.org/documents/human-trafficking/Islamic_Law_TIP_English_ebook_V0985841.pdf
|
| 942 |
|
|
|2 ddc
|c BK
|
| 999 |
|
|
|c 47705
|d 47705
|
| 952 |
|
|
|0 0
|1 0
|2 ddc
|4 0
|6 364_150000000000000_COM
|7 0
|8 RPT
|9 78667
|a BRACUL
|b BRACUL
|c REF
|d 2026-01-12
|e Donated by K. Shamsuddin Mahmood (Professor and Dean School of Law) BRAC University
|l 0
|o 364.15 COM
|p 3010045166
|r 2026-01-12
|t 1
|w 2026-01-12
|y BK
|x Donated copy received from K. Shamsuddin Mahmood (Professor and Dean School of Law) BRAC University received on 8 December 2025
|